<?xml version="1.0" encoding="UTF-8"?><?xml-stylesheet type="text/xsl" href="static/style.xsl"?><OAI-PMH xmlns="http://www.openarchives.org/OAI/2.0/" xmlns:xsi="http://www.w3.org/2001/XMLSchema-instance" xsi:schemaLocation="http://www.openarchives.org/OAI/2.0/ http://www.openarchives.org/OAI/2.0/OAI-PMH.xsd"><responseDate>2026-04-17T16:06:49Z</responseDate><request verb="GetRecord" identifier="oai:www.recercat.cat:20.500.12328/1430" metadataPrefix="marc">https://recercat.cat/oai/request</request><GetRecord><record><header><identifier>oai:recercat.cat:20.500.12328/1430</identifier><datestamp>2025-05-20T00:02:56Z</datestamp><setSpec>com_2072_67741</setSpec><setSpec>col_2072_484352</setSpec></header><metadata><record xmlns="http://www.loc.gov/MARC21/slim" xmlns:dcterms="http://purl.org/dc/terms/" xmlns:xsi="http://www.w3.org/2001/XMLSchema-instance" xmlns:doc="http://www.lyncode.com/xoai" xsi:schemaLocation="http://www.loc.gov/MARC21/slim http://www.loc.gov/standards/marcxml/schema/MARC21slim.xsd">
   <leader>00925njm 22002777a 4500</leader>
   <datafield ind2=" " ind1=" " tag="042">
      <subfield code="a">dc</subfield>
   </datafield>
   <datafield ind2=" " ind1=" " tag="720">
      <subfield code="a">Vargas-Martínez, Ana Magdalena</subfield>
      <subfield code="e">author</subfield>
   </datafield>
   <datafield ind2=" " ind1=" " tag="720">
      <subfield code="a">Trapero-Bertran, Marta</subfield>
      <subfield code="e">author</subfield>
   </datafield>
   <datafield ind2=" " ind1=" " tag="720">
      <subfield code="a">Gil-García, Eugenia</subfield>
      <subfield code="e">author</subfield>
   </datafield>
   <datafield ind2=" " ind1=" " tag="720">
      <subfield code="a">Lima-Serrano, Marta</subfield>
      <subfield code="e">author</subfield>
   </datafield>
   <datafield ind2=" " ind1=" " tag="260">
      <subfield code="c">2018</subfield>
   </datafield>
   <datafield ind2=" " ind1=" " tag="520">
      <subfield code="a">Hoy en día, el consumo episódico excesivo de alcohol (BD, binge drinking) es uno de los patrones de consumo de alcohol más prevalentes. En el año 2015, se estimó que el 35% de los adolescentes europeos con edades entre los 15-16 años participó al menos una vez en BD en los últimos 30 días (The ESPAD Group, 2016). Es más, en España, según la serie de encuestas sobre el uso de drogas en enseñanzas secundarias, ESTUDES 2014-2015, el 32,2% han participado en BD al menos una vez en el último mes (Plan Nacional de Drogas, 2016), mientras que un estudio reciente de Golpe, Gómez, Braña, Varela y Rial (2017) llegó a la conclusión que el 33,1% de los adolescentes españoles consumieron alcohol de manera intensiva en el último año, y el 20% en el último mes (3 o más bebidas alcohólicas por ocasión de consumo y embriaguez). Además, el 19,8% de los adolescentes tenían un consumo de alcohol de riesgo, sin diferencias significativas por género. Romo-Avilés, Marcos-Marcos, Tarragona-Camacho, Gil-García y Marquina-Márquez (2016) encontraron diferencias menores entre niños y niñas respecto de la cantidad de alcohol consumida durante la participación en un botellón. Esto sugiere que ha aumentado el consumo intensivo de alcohol y el BD en las niñas.</subfield>
   </datafield>
   <datafield ind1="8" ind2=" " tag="024">
      <subfield code="a">Vargas-Martínez, Ana Magdalena; Trapero-Bertran, Marta; Gil-García, Eugenia; Lima Serrano, Marta. «Impacto del consumo episódico excesivo de alcohol en la adolescencia. ¿Lo estamos haciendo bien?». Adicciones, 2018, vol. 30, núm. 2, p. 152-154. Disponible en: &lt;http://www.adicciones.es/index.php/adicciones/article/view/1033>. Fecha de acceso: 21 ene. 2020. DOI: 10.20882/adicciones.1033</subfield>
   </datafield>
   <datafield ind1="8" ind2=" " tag="024">
      <subfield code="a">0214-4840</subfield>
   </datafield>
   <datafield ind1="8" ind2=" " tag="024">
      <subfield code="a">http://hdl.handle.net/20.500.12328/1430</subfield>
   </datafield>
   <datafield ind1="8" ind2=" " tag="024">
      <subfield code="a">https://doi.org/10.20882/adicciones.1033</subfield>
   </datafield>
   <datafield tag="653" ind2=" " ind1=" ">
      <subfield code="a">Cost-eficàcia</subfield>
   </datafield>
   <datafield tag="653" ind2=" " ind1=" ">
      <subfield code="a">Consum d'alcohol</subfield>
   </datafield>
   <datafield tag="653" ind2=" " ind1=" ">
      <subfield code="a">Adolescència</subfield>
   </datafield>
   <datafield tag="653" ind2=" " ind1=" ">
      <subfield code="a">Cost effectiveness</subfield>
   </datafield>
   <datafield tag="653" ind2=" " ind1=" ">
      <subfield code="a">Drinking of alcoholic beverages</subfield>
   </datafield>
   <datafield tag="653" ind2=" " ind1=" ">
      <subfield code="a">Adolescence</subfield>
   </datafield>
   <datafield tag="653" ind2=" " ind1=" ">
      <subfield code="a">Bebidas alcohólicas--Consumo</subfield>
   </datafield>
   <datafield tag="653" ind2=" " ind1=" ">
      <subfield code="a">Adolescentes</subfield>
   </datafield>
   <datafield ind2="0" ind1="0" tag="245">
      <subfield code="a">Impacto del consumo episódico excesivo de alcohol en la adolescencia. ¿Lo estamos haciendo bien?</subfield>
   </datafield>
</record></metadata></record></GetRecord></OAI-PMH>